1344 1173 1953 1702 1187 1442 1406 1932 1254 1275 1186 1967 1100 1661 1397 1720 1480 1381 1754 1538 1611 1494 1122 1924 1938 1359 1002 1976 1487 1021 1272 1625 1634 1185 1089 1327 1702 1717 1247 1202 1840 1308 1886 1944 1921 1257 1707 1946 1888 1728 1855 1677 1877 1381 1034 1309 1145 1716 1902 1404 1625 1015 1543 1673 1092 1407 1455 1503 1479 1456 1469 1388 1382 1645 1764 1106 1710 1720 1083 1683 1793 1122 1174 1580 1511 1168 1801 1594 1660 1467 1287 1812 1696 1249 1925 1956 1021 1965 1704 BCNSPRNW ULIB Ver.6.0+V

เปลี่ยนเป็นภาษาไทย

Change to English
 แสดงรายละเอียดบรรณานุกรม
  กลับหน้าหลัก

Brief Record : Get Marc (ISO 2709) : E-mail record : QR code < ปิดหน้าต่าง
LEADER : 00000nam 2200000uu 4500
001    13399127049
003     ULIB
008    191008s2562||||th 000 0 tha d
020    ^a9786168237014
060    ^aWS103^bส943ห
100    ^aเสาวภา พรจินดารักษ์
245    ^aหมีน้อยทำแบบพ่อเก่งจัง ชุดหมีน้อย...เก่งจัง (LI ITTLE BEAR LOVES TO EAT!)
250    ^aพิมพ์ครั้งที่ 1
260    ^aกรุงเทพฯ :^bสำนักพิมพ์ Happy Parenting,^c2562
300    ^a24 หน้า;^b21 ซม.
650    ^aเด็ก^xการเรียนการสอน
945    ^p135^l0^i006237
999    ^aประนอม เกษจรัล
รายการนี้ยังไม่มีแท็ก
คุณยังไม่ได้ล็อกอิน คุณสามารถมีกิจกรรมร่วมกับเว็บไซต์ได้ แต่ต้องล็อกอินก่อน ::
  ล็อกอิน

รายการสื่อสารสนเทศ

ลำดับที่ ประเภท เลขเรียก/บาร์โค้ด สถานที่ สถานะ
1. วิทยาศาสตร์การแพทย์ และสุขภาพ
วิทยาศาสตร์การแพทย์ และสุขภาพ
WS103 ส943ห ฉ.1 
  Barcode: 006237
ห้องสมุดวิทยาเขตสวรรค์ประชารักษ์
►หนังสือทั่วไป
บนชั้น

รายการใกล้เคียง
    ผู้แต่ง [เสาวภา พรจินดารักษ์]

BibComment


ยังไม่เคยถูกคอมเมนท์

คอมเมนท์ทรัพยากรรายการนี้
  คอมเมนท์: หมีน้อยทำแบบพ่อเ..


 Copyright 2026. Bcnsprnw @Library